MARC details
| 000 -CABECERA |
| campo de control de longitud fija |
01041nam a2200277 a 4500 |
| 001 - NÚMERO DE CONTROL |
| campo de control |
000030604 |
| 005 - FECHA Y HORA DE LA ÚLTIMA TRANSACCIÓN |
| campo de control |
20200930062414.0 |
| 008 - DATOS DE LONGITUD FIJA--INFORMACIÓN GENERAL |
| campo de control de longitud fija |
090723s2011 pr 000 f spa d |
| 020 ## - NÚMERO INTERNACIONAL ESTÁNDAR DEL LIBRO |
| ISBN cancelado o inválido |
9789945455083 |
| 040 ## - FUENTE DE LA CATALOGACIÓN |
| Centro catalogador/agencia de origen |
DO-SdBNP |
| Lengua de catalogación |
spa |
| Centro/agencia transcriptor |
BNPHU |
| 082 ## - NÚMERO DE LA CLASIFICACIÓN DECIMAL DEWEY |
| Número de clasificación |
PR863.44 |
| Número de documento/Ítem |
A174s, 2011 |
| 100 1# - ENTRADA PRINCIPAL--NOMBRE DE PERSONA |
| Nombre de persona |
Acevedo Rodríguez, Rafael, |
| Fechas asociadas al nombre |
1960- |
| 9 (RLIN) |
13067 |
| 245 10 - MENCIÓN DE TÍTULO |
| Título |
Sexo y cura ; |
| Resto del título |
Carnada de cangrejo en Manhattan / |
| Mención de responsabilidad, etc. |
Rafael Acevedo Rodríguez. |
| 250 ## - MENCIÓN DE EDICIÓN |
| Mención de edición |
3a ed. |
| 260 ## - PUBLICACIÓN, DISTRIBUCIÓN, ETC. |
| Lugar de publicación, distribución, etc. |
San Juan, Puerto Rico : |
| Nombre del editor, distribuidor, etc. |
Isla Negra, |
| Fecha de publicación, distribución, etc. |
2011. |
| 300 ## - DESCRIPCIÓN FÍSICA |
| Extensión |
46, 41 p. ; |
| Dimensiones |
22 cm. |
| 490 1# - MENCIÓN DE SERIE |
| Mención de serie |
La montaña de papel |
| Designación de volumen o secuencia |
69 |
| 502 ## - NOTA DE TESIS |
| Nota de tesis |
Publicado con: Carnada de cangrejo en Manhattan |
| 563 ## - NOTA DE ENCUADERNACIÓN |
| Nota de encuadernación |
Dos obras encuadernadas juntas con paginación invertida. |
| 590 ## - NOTA LOCAL (RLIN) |
| Nota local |
Inventariado, 2019 / DG |
| 650 #4 - PUNTO DE ACCESO ADICIONAL DE MATERIA--TÉRMINO DE MATERIA |
| Término de materia o nombre geográfico como elemento de entrada |
Novela puertorriqueña |
| 9 (RLIN) |
1185 |
| 650 #4 - PUNTO DE ACCESO ADICIONAL DE MATERIA--TÉRMINO DE MATERIA |
| Término de materia o nombre geográfico como elemento de entrada |
Literatura puertorriqueña |
| 9 (RLIN) |
250 |
| 700 12 - PUNTO DE ACCESO ADICIONAL--NOMBRE DE PERSONA |
| Nombre de persona |
Acevedo Rodríguez, Rafael, |
| Fechas asociadas al nombre |
1960- |
| Título de la obra |
Carnada de cangrejo en Manhattan |
| 9 (RLIN) |
13068 |
| 830 #0 - PUNTO DE ACCESO ADICIONAL DE SERIE-TÍTULO UNIFORME |
| Título uniforme |
La montaña de papel |
| Número de parte o sección de la obra |
69 |
| 9 (RLIN) |
13069 |
| 910 ## - DATOS DE OPCIÓN DEL USUARIO (OCLC) |
| Datos de opción del usuario |
Validado. Control de calidad. MMOLINA |